000
00180 a2200097 4500
020
_a
9780938317920
041
_a
spa
100
_a
Xavier Garza
245
_a
Lucha Libre
942
_c
K
999
_c
26091
_d
26091